00679nam a2200241 a 4500001001300000003000900013005001700022008004100039020001000080082001300090100002200103245001700125260003100142300000800173500003500181505002800216650002800244700002200272902000800294942000700302952011300309999001500422nice12345678IN_TiNIC20260116011415.0050524s0000 teha grp 000 0 per  ac10000a244bKUR aKurdistani, Saeed aChara-E-Kaar aTehranbNo Publisherc0000 a20p aincludes index and biblioraphy2 aHand Written Manuscript aChristianity-Miscellany1 aKurdistani, Saeed bRBA cBK 001040708RareBook->aHMIbHMId2007-07-05g100.00l0o244 KURp04990r2007-07-05v100.00w2005-05-24yBK c1253d1253